All Flags with the Union Jack - Statistics

General Stats
  • This quiz has been taken 325 times
  • The average score is 17 of 30
Answer Stats
Picture Answer % Correct
United Kingdom
99%
Australia
85%
New Zealand
85%
Fiji
80%
Tuvalu
80%
Hawaii
77%
Bermuda
70%
Cook Islands
69%
Anguilla
67%
Niue
66%
Falkland Islands
63%
British Virgin Islands
61%
Cayman Islands
59%
British Indian Ocean Territory
58%
Turks and Caicos Islands
56%
Pitcairn Islands
51%
Montserrat
49%
Saint Helena
49%
British Columbia
44%
South Georgia and the South Sandwich Islands
42%
Ontario
38%
Ascension Island
37%
Tristan da Cunha
37%
Victoria
37%
Manitoba
35%
Tasmania
35%
Queensland
34%
New South Wales
33%
Western Australia
31%
South Australia
29%
No matching quizzes found
Score Distribution
Percent of People with Each Score
Percentile by Number Answered
Your Score History
You have not taken this quiz